000 00818nam a2200241Ia 4500
999 _c35001
_d35001
001 839
003 GE_BSU
005 20210211125159.0
008 181216s2001||||ru |||||||||||||| ||rus||
020 _a5318003028
040 _cGE_BSU
041 _arus
080 _a681.3.01(075.8)
100 _aБоровиков, Владимир
_910106
245 _aSTATISTICA :
_bИскусство анализа даных на компьютере для профессионалов /
_cВладимир, Боровиков.
264 _aСПБ :
_bПитер,
_c2001.
300 _a650 стр.
653 _aSTATISTIKA
653 _aინფორმატიკა
653 _aИнформатика
653 _aინფორმაციული ტექნოლოგიები
942 _cBK
_2udc